000 01061cam a2200361Ia 4500
001 75123
005 20230410123609.0
008 090924s2009 be b 000 0 fre d
035 _a(OCoLC)ocn441152245
040 _aCDX
_cCDX
_dOCLCQ
_dLGG
020 _a9782802727392 (Paper)
020 _a2802727397 (Paper)
029 0 _aCDX
_b10882896
035 _a(OCoLC)441152245
037 _bElectre
043 _ae-be---
_ae-fr---
050 1 4 _aKJV 5624
_bM925d 2009
100 1 _aMouffe, Bernard.
245 1 3 _aLe droit de la publicité /
_cpar Bernard Mouffe.
250 _a3a éd.
260 _aBruxelles :
_bBruylant,
_c2009.
300 _a568 p. ;
_c24 cm.
504 _aIncludes bibliographical references.
650 0 _aAdvertising laws
650 0 _aAdvertising laws
_zFrance.
650 0 _aAdvertising laws
_zBelgium
650 7 _aLe droit de la publicite.
650 4 _aEl derecho de la publicidad.
938 _aCoutts Information Services
_bCOUT
_n10882896
_c110.00 EUR
942 _2lcc
_cbk
946 _amfcruz
994 _aC0
_bDRFGD
999 _c64619
_d64619